Disney Caps Quiz Stats

 Plays Quiz not verified by Sporcle

Score 0/20 Timer 04:00
1 Play Today
% Correct
Tangled
97.6%
The Little Mermaid
97.4%
Snow White and the Seven Dwarfs
96.5%
Frozen
94.8%
Moana
94.2%
Dumbo
93.8%
Cinderella
92.9%
Lilo & Stitch
91.8%
Sleeping Beauty
91.4%
Aladdin
91.2%
% Correct
One Hundred and One Dalmatians
91.2%
Beauty and the Beast
90.9%
Winnie the Pooh
90.9%
The Aristocats
90.7%
Alice in Wonderland
90.3%
Chicken Little
89%
Mulan
87.5%
The Emperor's New Groove
85.8%
Zootopia
71.5%
Peter Pan
69.6%

You're not logged in!

Compare scores with friends on all Sporcle quizzes.
OR
Log In

Sporcle TV

Today on Sporcle TV


Watch our educational content, quiz creation guides, and fun videos on Sporcle TV.

Show Comments

Extras

Top Quizzes Today


Score Distribution

Your Account Isn't Verified!

In order to create a playlist on Sporcle, you need to verify the email address you used during registration. Go to your Sporcle Settings to finish the process.

Report this User

Report this user for behavior that violates our Community Guidelines.

Details: